| 000 | 00916cab a2200277 4500 | ||
|---|---|---|---|
| 001 | ABS55948 | ||
| 008 | 090401t1996 xxu||||| |||| 00| 0 eng d | ||
| 035 | _a(Sirsi) u20035 | ||
| 041 | _aeng | ||
| 100 | _aBroad, M. | ||
| 245 | _aUpsize downsize | ||
| 260 | _c1996 | ||
| 350 | _a0 | ||
| 490 |
_aProperty Week _v57(3) 18 October 1996, 30-32(3) |
||
| 520 | _aConsiders whether there would be a market for large serviced offices. At present the greatest demand for serviced office space is for small requirement and/or short-term projects. | ||
| 650 | _aFLEXIBLE WORKING | ||
| 650 | _aJOHNSON CONTROLS | ||
| 650 | _aPROPERTY-COMMERCIAL PROPERTY-OFFICE PROPERTY-OFFICE PROPERTY MARKET | ||
| 650 | _aREGUS | ||
| 650 | _aSERVICED OFFICES | ||
| 650 | _aTEMPORARY OFFICES | ||
| 690 | _aPROPERTY-COMMERCIAL PROPERTY | ||
| 690 | _aOFFICE SERVICES AND ADMINISTRATION | ||
| 942 | _n0 | ||
| 948 | _c04/03/1997 | ||
| 999 |
_c13423 _d13423 |
||